000 00633nam a2200229Ia 4500
003 OSt
005 20220924150426.0
006 a|||||r|||| 00| 0
007 ta
008 220923b |||||||| |||| 00| 0 tel d
024 _a333081
037 _cTextual
040 _aARTS
_cARTS
_btel
041 _2tel
_atel
082 _aO35,1N04:g, M4
100 _aSomasuncer A.
_9222088
245 0 _aPuripanda ettina pulipanja
_b critical inter pretion of mahakavi puripanda's poems
260 _c1984
650 _aTELUGU POETRY
942 _hO35,1N04:g, M4
_cTEXL
_2CC
999 _c463283
_d463283